Tanzania Premier league winners - Statistics

General Stats
  • This quiz has been taken 12 times
  • The average score is 5 of 12
Answer Stats
Champions Teams % Correct
1 Azam
100%
22 Simba SC
100%
28 Young Africans SC
100%
1 Coastal union
67%
1 Cosmopolitans
33%
1 KMKM SC
33%
3 Maji Maji
33%
1 Mseto Sports
33%
1 Pamba SC
33%
2 Malindi
0%
1 Pan African
0%
1 Prisons
0%
No matching quizzes found
Score Distribution
Percent of People with Each Score
Percentile by Number Answered
Your Score History
You have not taken this quiz